[Event "Cto de Aragon  Equipos Cat Preferente"]
[Site "Aragon"]
[Date "2010.03.20"]
[Round "9.9"]
[White "Llorente Zaro Alfonso"]
[Black "Baron Rodriguez Jesus"]
[Result "1-0"]
[WhiteElo "2401"]
[BlackElo "2436"]

1.d4 d5 2.c4 e6 3.Nf3 Nf6 4.e3 c6 5.Nbd2 Bd6 6.Bd3 Nbd7 7.e4 e5 8.cxd5 cxd5 9.
O-O O-O 10.exd5 exd4 11.Ne4 Nxe4 12.Bxe4 Nf6 13.Bg5 h6 14.Bxf6 Qxf6 15.Qxd4
Qf4 16.Rfe1 Bd7 17.g3 Qg4 18.Ne5 Bxe5 19.Qxe5 f5 20.Bg2 f4 21.d6 Kh8 22.Re4
Rae8 23.Qd4 fxg3 24.hxg3 Rxe4 25.Qxe4 Qxe4 26.Bxe4 Rf6 27.Rc1 Rxd6 28.Rc7 Kg8
29.Rxb7 a5 30.Kf1 Rd4 31.f3 Kf8 32.Ke2 Ke8 33.Ke3 Rd6 34.b3 a4 35.bxa4 Ra6 36.
Bd3 Re6+ 37.Kf2 Bxa4 38.Rxg7 Kf8 39.Rg6 Re5 40.Rxh6 Be8 41.Bc4 Rc5 42.Bb3 Rc3
43.Rf6+ Kg7 44.Re6 Bc6 45.Re3 Rc1 46.g4 Kf6 47.Kg3 Bd7 48.Rd3 Bc8 49.Kf4 Rc5
50.Rd4 Ra5 51.Rd5 Ra7 52.Rd6+ Kg7 53.Kg5 Ra5+ 54.Rd5 Ra6 55.Rc5 Rg6+ 56.Kh4
Rh6+ 57.Kg3 Rh8 58.f4 Rd8 59.f5 Kf6 60.Rc7 Kg5 61.Rg7+ Kf6 62.Rg8 1-0

[Event "Cto de Aragon  Equipos Cat Preferente"]
[Site "Aragon"]
[Date "2010.03.20"]
[Round "9.10"]
[White "Baron Rodriguez Jorge"]
[Black "Ramon Perez Jose Luis"]
[Result "1-0"]
[WhiteElo "2308"]
[BlackElo "2312"]

1.d4 Nf6 2.c4 c5 3.d5 b5 4.cxb5 a6 5.b6 g6 6.Nc3 Bg7 7.e4 d6 8.Nf3 Bg4 9.Qa4+
Nfd7 10.Nd2 O-O 11.b7 Ra7 12.Qb3 Nb6 13.a4 a5 14.Nc4 Nxc4 15.Bxc4 Na6 16.O-O
Nb4 17.Bf4 Rxb7 18.Bb5 Nd3 19.Bd2 e5 20.h3 Bc8 21.Ne2 Nb4 22.f4 f5 23.fxe5
dxe5 24.Rac1 Kh8 25.Qe3 fxe4 26.Rxf8+ Bxf8 27.Qxe4 Bg7 28.Ng3 Rf7 29.Rf1 Rxf1+
30.Bxf1 Qd6 31.Bc4 h6 32.h4 Bb7 33.h5 gxh5 34.Bxb4 cxb4 35.Bd3 Kg8 36.Qh7+ Kf8
37.Qxg7+ Kxg7 38.Nf5+ Kf6 39.Nxd6 Bxd5 40.Bb5 h4 41.Nc4 e4 42.Kf2 Kg5 43.Nxa5
Kf4 44.Nc4 1-0

[Event "Cto de Aragon  Equipos Cat Preferente"]
[Site "Aragon"]
[Date "2010.03.20"]
[Round "9.11"]
[White "Remiro Juste Fernando Jose"]
[Black "Antolin Concha Diego"]
[Result "1-0"]
[WhiteElo "2306"]
[BlackElo "2191"]

1.d4 Nf6 2.Bg5 c5 3.Bxf6 gxf6 4.d5 Qb6 5.Qc1 f5 6.g3 Bg7 7.c3 Qf6 8.Bg2 d6 9.
Nh3 Nd7 10.Nf4 Qh6 11.Nd2 Ne5 12.Qc2 Ng6 13.e3 Nxf4 14.exf4 Bd7 15.a4 O-O 16.
O-O Rfb8 17.Rfe1 Qf6 18.Nc4 Bxa4 19.Rxa4 b5 20.Ra2 bxc4 21.Qe2 Rb7 22.Qxc4
Rab8 23.Qe2 a5 24.Qc2 h6 25.Re2 Rb3 26.Qd3 Ra8 27.Qc4 Rab8 28.Bh3 h5 29.Qd3 a4
30.Rxa4 Rxb2 31.Rxb2 Rxb2 32.Ra8+ Kh7 33.Bxf5+ Kh6 34.Ra3 c4 35.Qe4 Rb3 36.Ra7
Bf8 37.Qxc4 Rxc3 38.Qe4 Rc1+ 39.Kg2 Rd1 40.Ra8 Rd4 41.Qe3 Kg7 42.Be4 Rb4 43.f5
Kg8 44.h4 Qe5 45.Qg5+ Qg7 46.Qxe7 f6 47.Qe6+ Kh7 48.Bf3 Rb7 49.Qc8 1-0

[Event "Cto de Aragon  Equipos Cat Preferente"]
[Site "Aragon"]
[Date "2010.03.20"]
[Round "9.12"]
[White "Glaria Murillo Christian"]
[Black "Delgado Salcedo Eduardo"]
[Result "1/2-1/2"]
[WhiteElo "2181"]
[BlackElo "2227"]

1.c4 Nf6 2.g3 c6 3.Bg2 d5 4.Nf3 g6 5.b3 Bg7 6.Bb2 O-O 7.O-O Nbd7 8.d3 Re8 9.
Nbd2 e5 10.cxd5 Nxd5 11.Qc2 Nb4 12.Qc3 Nd5 13.Qc2 Nb4 14.Qc3 1/2-1/2

[Event "Cto de Aragon  Equipos Cat Preferente"]
[Site "Aragon"]
[Date "2010.03.20"]
[Round "9.13"]
[White "Valles Mata David"]
[Black "Llanes Luno Ricardo"]
[Result "1/2-1/2"]
[WhiteElo "2150"]
[BlackElo "2224"]

1.d4 c5 2.e3 Nf6 3.Nf3 e6 4.Bd3 Be7 5.O-O O-O 6.c3 b6 7.Nbd2 d5 8.e4 dxe4 9.
Nxe4 Bb7 10.Qe2 Nxe4 11.Bxe4 Bxe4 12.Qxe4 Nd7 13.Bf4 Nf6 14.Qe2 Rc8 15.Rad1 c4
16.Rfe1 Nd5 17.Bd2 b5 18.a3 a5 19.Ne5 Bd6 20.g3 Bxe5 21.dxe5 Qb6 22.Qg4 f5 23.
exf6 Rxf6 24.Be3 Nxe3 25.Rxe3 Rcf8 26.Qe2 Rxf2 27.Qxf2 Rxf2 28.Kxf2 b4 29.axb4
axb4 30.Re1 bxc3 31.bxc3 h6 32.Kf3 Qc5 33.Re5 Qc6+ 34.R5e4 Qd6 35.Rxe6 Qd1+
36.R1e2 Qf1+ 37.Ke3 Qb1 38.Kf4 Qf1+ 39.Kg4 Kf7 40.Re7+ Kg6 41.R7e6+ Kh7 42.Re7
h5+ 43.Kxh5 Qf3+ 44.Kg5 Qxc3 45.Rf2 Qd4 46.Ree2 c3 47.g4 Qd8+ 48.Kf4 Qd4+ 49.
Kg3 Qd6+ 50.Kg2 1/2-1/2

[Event "Cto de Aragon  Equipos Cat Preferente"]
[Site "Aragon"]
[Date "2010.03.20"]
[Round "9.14"]
[White "Lamas Mercadal Manuel"]
[Black "Solano Lasierra Javier"]
[Result "0-1"]
[WhiteElo "2211"]
[BlackElo "2142"]

1.e4 e6 2.Nc3 d5 3.Nf3 Nf6 4.e5 Nfd7 5.d4 c5 6.dxc5 Nc6 7.Bf4 Nxc5 8.Be2 Be7
9.O-O O-O 10.Nb5 f6 11.Nbd4 fxe5 12.Nxc6 bxc6 13.Bxe5 Nd7 14.Bg3 Qb6 15.Ne5
Nxe5 16.Bxe5 Bf6 17.Bxf6 Rxf6 18.b3 e5 19.Qd2 Be6 20.Qe3 Qc7 21.Rae1 Raf8 22.
Bd1 e4 23.f3 Rh6 24.g3 Bh3 25.Rf2 Rhf6 26.Be2 Qb6 27.Qxb6 axb6 28.f4 g5 29.Bf1
Bc8 30.c4 gxf4 31.cxd5 cxd5 32.gxf4 Rxf4 33.Rxf4 Rxf4 34.Rc1 Be6 35.Rc6 Kf7
36.Rxb6 d4 37.Rd6 e3 38.Bd3 Ke7 39.Ra6 Bf5 40.Ra7+ Kd6 41.Ra6+ Kc7 42.Bxf5
Rxf5 43.Re6 Kd7 44.Re4 Rd5 45.Kf1 d3 46.Ke1 d2+ 47.Kd1 Rd3 48.b4 Kc6 49.Re8
Kb5 50.Rb8+ Kc4 51.Rc8+ Kxb4 52.Rb8+ Ka3 53.Re8 Kxa2 54.h4 h5 55.Re5 Kb3 56.
Re8 Kc4 57.Re4+ Kd5 58.Re8 Ra3 59.Ke2 Ra1 60.Rd8+ Ke4 61.Re8+ Kf4 62.Re4+ Kf5
63.Rd4 d1=Q+ 64.Rxd1 Rxd1 65.Kxd1 Kg4 66.Ke2 Kxh4 67.Kxe3 Kg3 68.Ke2 Kg2 0-1

[Event "Cto de Aragon  Equipos Cat Preferente"]
[Site "Aragon"]
[Date "2010.03.20"]
[Round "9.15"]
[White "Felez Casedas Carlos"]
[Black "Naya Sancho Jose Ignacio"]
[Result "0-1"]
[WhiteElo "1997"]
[BlackElo "2069"]

1.e4 e6 2.d3 d5 3.Nd2 c5 4.Ngf3 Nc6 5.g3 Nf6 6.Bg2 Be7 7.O-O b6 8.Re1 Qc7 9.c3
Bb7 10.a3 dxe4 11.dxe4 O-O 12.Nc4 Rad8 13.Qc2 Ba6 14.Bf4 Qc8 15.Bf1 b5 16.Nce5
Na5 17.c4 bxc4 18.Nxc4 Nc6 19.e5 Nd5 20.Nd6 Bxd6 21.Bxa6 Qxa6 22.exd6 Nxf4 23.
gxf4 Nd4 24.Qd1 Qxd6 25.Nxd4 cxd4 26.Qf3 f5 27.Qd3 Rf6 28.Re5 Qc6 29.f3 Qe8
30.Rae1 Qh5 31.Rxe6 Qg6+ 0-1

[Event "Cto de Aragon  Equipos Cat Preferente"]
[Site "Aragon"]
[Date "2010.03.20"]
[Round "9.16"]
[White "Roche Simon Miguel Angel"]
[Black "Puertolas Serena Arturo"]
[Result "1-0"]
[WhiteElo "2052"]
[BlackElo "1989"]

1.e4 c6 2.d4 d5 3.Nc3 dxe4 4.Nxe4 Bf5 5.Ng3 Bg6 6.h4 h6 7.f4 e6 8.Nf3 Nd7 9.h5
Bh7 10.Bd3 Bxd3 11.Qxd3 Qc7 12.Bd2 Ngf6 13.O-O-O O-O-O 14.Qe2 c5 15.Ne5 Nxe5
16.dxe5 Nd7 17.c4 Be7 18.Ne4 Nb8 19.Bc3 Nc6 20.Qg4 Nd4 21.Bxd4 cxd4 22.Qxg7
Qxc4+ 23.Kb1 Kb8 24.Qxf7 Bb4 25.Nd6 Bxd6 26.exd6 Rxd6 27.Rc1 Qd3+ 28.Ka1 Qh7
29.Qf6 Rhd8 30.g4 d3 31.Qe5 d2 32.Rc3 Ka8 $2 (32...Qh8 33.Rd1 Qxe5 34.fxe5 Rd5
35.Kb1 Rxe5 36.Rg3 Rg5 37.Rg2 Kc7 38.Kc2 Rd4 39.Rgxd2 Rxd2+ 40.Rxd2 Rxg4) 33.
Qxd6 Qh8 34.Rc8+ Rxc8 35.Qxd2 a6 36.g5 Rd8 37.Qe3 hxg5 38.a3 gxf4 39.Qxf4 Rd5
40.h6 Rf5 41.Qc7 Rf2 42.Qg7 Rf8 43.Rg1 Qxg7 44.Rxg7 Rh8 45.h7 Ka7 46.Kb1 Kb6
47.Kc2 Kc6 48.Kd3 b5 49.Ke4 Kd6 50.b4 e5 51.Ra7 Kc6 52.Rxa6+ Kb7 53.Rh6 1-0

[Event "Cto de Aragon  Equipos Cat Preferente"]
[Site "Aragon"]
[Date "2010.03.20"]
[Round "9.21"]
[White "Villuendas Valero Adrian"]
[Black "Laliena Solares Luis M"]
[Result "1/2-1/2"]
[WhiteElo "2184"]
[BlackElo "2234"]

1.d4 d5 2.Bf4 e6 3.e3 f5 4.Nf3 Nf6 5.Nc3 Bb4 6.Bd3 O-O 7.O-O Bxc3 8.bxc3 Ne4
9.Bxe4 fxe4 10.Ne5 Nd7 11.f3 exf3 12.Rxf3 Nxe5 13.Bxe5 Rxf3 14.Qxf3 Bd7 15.Qg3
Qe7 16.Rb1 b6 17.Rf1 Bb5 18.Rf4 Be2 19.Rf2 Bc4 20.Rf4 Be2 21.Rf2 Bc4 22.Rf4
1/2-1/2

[Event "Cto de Aragon  Equipos Cat Preferente"]
[Site "Aragon"]
[Date "2010.03.20"]
[Round "9.22"]
[White "Latorre Abad Fernando"]
[Black "Cantin Zaborras Valentin"]
[Result "1-0"]
[WhiteElo "2067"]
[BlackElo "2117"]

1.e4 c5 2.Nf3 d6 3.d4 cxd4 4.Nxd4 Nf6 5.Nc3 g6 6.f4 Nbd7 7.Bd3 Bg7 8.Nf3 Qc7
9.O-O a6 10.a4 O-O 11.Qe1 b6 12.f5 Bb7 13.Qh4 Rac8 14.Be3 d5 15.fxg6 hxg6 16.
exd5 Bxd5 17.Nxd5 Nxd5 18.Ng5 N5f6 19.Bd4 e5 20.Be3 Qb7 21.Rad1 Rfe8 22.Bxa6
Qxa6 23.Rxd7 Qe2 24.Qh3 Qh5 25.Qxh5 gxh5 26.Nxf7 Nxd7 27.Nd6 e4 28.Nxc8 Rxc8
29.Rd1 Nc5 30.a5 1-0

[Event "Cto de Aragon  Equipos Cat Preferente"]
[Site "Aragon"]
[Date "2010.03.20"]
[Round "9.23"]
[White "Valiente Roy Jose Javier"]
[Black "Cobo Garrido Diego Israel"]
[Result "1-0"]
[WhiteElo "2060"]
[BlackElo "2014"]

1.Nf3 d5 2.g3 Nf6 3.c4 c6 4.Bg2 dxc4 5.Qc2 Be6 6.Ng5 Qc8 7.Nxe6 Qxe6 8.Na3 g6
9.Nxc4 Bg7 10.Na5 Qc8 11.d3 Nbd7 12.Bd2 O-O 13.Rc1 Nb6 14.O-O Rb8 15.Bf4 Ra8
16.b4 Nfd5 17.Bd2 Rb8 18.Qb3 a6 19.Rc2 Qe6 20.e3 Nc7 21.Qb1 Nb5 22.Qc1 Rfd8
23.d4 Rd7 24.Rd1 Qf5 25.Be1 Rbd8 26.Rc5 Qf6 27.Qc2 Nd6 28.Rc1 Nf5 29.a3 Qd6
30.Bc3 Qc7 31.Bb2 e6 32.Qb3 h5 33.a4 Bf8 34.R5c2 h4 35.b5 axb5 36.axb5 hxg3
37.hxg3 c5 38.Nxb7 c4 39.Nxd8 Qxd8 40.Rxc4 Nxc4 41.Qxc4 Qg5 42.Qe2 Rd8 43.b6
Bd6 44.b7 Kh7 45.Rc8 Bb8 46.Rxd8 Qxd8 47.Qb5 Qc7 48.Qc6 Nd6 49.Qxc7 Bxc7 50.
Ba3 Kg8 51.Bc5 Bb8 52.Kf1 Kf8 53.Bc6 Ke7 54.e4 Kd8 55.Bb6+ Ke7 56.Ke2 f6 57.
Kd3 g5 58.f4 gxf4 59.gxf4 Nf7 60.e5 fxe5 61.fxe5 Nd8 62.Bc5+ Kf7 63.Bf3 Ke8
64.Bd6 1-0

[Event "Cto de Aragon  Equipos Cat Preferente"]
[Site "Aragon"]
[Date "2010.03.20"]
[Round "9.24"]
[White "Sanz Lopez Ruben"]
[Black "Martin Barbero Roberto"]
[Result "1-0"]
[WhiteElo "1897"]
[BlackElo "2002"]

1.d4 Nf6 2.Bg5 d6 3.Bxf6 exf6 4.e3 g6 5.c4 Bg7 6.Nc3 O-O 7.g3 Nd7 8.Bg2 f5 9.
Nge2 Nf6 10.O-O Rb8 11.b4 a6 12.a4 Be6 13.Qd3 d5 14.Nf4 c6 15.b5 a5 16.bxc6
bxc6 17.cxd5 Bxd5 18.Rab1 Bxg2 19.Kxg2 Rb4 20.Qa6 Qa8 21.Qxa8 Rxa8 22.Nd3 Rbb8
23.Rb2 Rxb2 24.Nxb2 Nd5 25.Nxd5 cxd5 26.Nd3 Bf8 27.Rb1 Rc8 28.Rb5 Rc3 29.Nf4
Rc2 30.Nxd5 h5 31.h4 Bh6 32.Rxa5 Kg7 33.Ra7 g5 34.hxg5 Bxg5 35.Nf4 h4 36.Ne6+
Kf6 37.Nxg5 Kxg5 38.gxh4+ Kxh4 39.Rxf7 Kg5 40.a5 Ra2 41.Ra7 f4 42.Kf3 Ra3 43.
a6 1-0

[Event "Cto de Aragon  Equipos Cat Preferente"]
[Site "Aragon"]
[Date "2010.03.20"]
[Round "9.25"]
[White "Ruiz Diez Julio Cesar"]
[Black "Martinez Asensio Juan Miguel"]
[Result "1-0"]
[WhiteElo "2296"]
[BlackElo "2140"]

1.e4 c5 2.Nf3 Nc6 3.Bb5 g6 4.O-O Bg7 5.Re1 Nf6 6.c3 O-O 7.Na3 d5 8.e5 Ne8 9.d4
cxd4 10.cxd4 Bg4 11.Bxc6 Bxf3 12.Qxf3 bxc6 13.Qc3 Qb6 14.Nc2 f6 15.Nb4 fxe5
16.Nxc6 exd4 17.Nxe7+ Kh8 18.Qh3 Qf6 19.Bf4 Qf7 20.Re6 Nf6 21.Bd6 Rae8 22.f4
d3 23.Rd1 Nh5 24.f5 Bd4+ 25.Kh1 Kg7 26.Qxd3 Bf6 27.Nxd5 gxf5 28.Bxf8+ Rxf8 29.
Qxf5 Bxb2 30.Re7 Qxe7 31.Nxe7 Rxf5 32.Nxf5+ 1-0

[Event "Cto de Aragon  Equipos Cat Preferente"]
[Site "Aragon"]
[Date "2010.03.20"]
[Round "9.26"]
[White "Dominguez Bujeda Jesus"]
[Black "Lasanta Rica Cesar"]
[Result "1/2-1/2"]
[WhiteElo "2111"]
[BlackElo "2271"]

1.d4 Nf6 2.c4 e6 3.Nc3 Bb4 4.e3 O-O 5.Ne2 d5 6.a3 Be7 7.Nf4 c6 8.Bd3 dxc4 9.
Bxc4 b5 10.Bb3 Nbd7 11.Qf3 e5 12.Qxc6 Rb8 13.Nfd5 Bb7 14.Qc7 Qxc7 15.Nxc7 Bxg2
16.Rg1 Bf3 17.N7d5 Bd6 18.Rg3 Bxd5 19.Nxd5 exd4 20.Rg5 Ne4 21.Rg4 Ndc5 22.Ba2
Nd3+ 23.Ke2 Ndxf2 24.Rg2 Rbc8 25.exd4 Nh3 26.Kf3 Rfe8 27.Bh6 Bf8 28.Ne3 Rc6
29.Ng4 Neg5+ 30.Bxg5 Nxg5+ 31.Kf4 Nh3+ 32.Kg3 Ng5 33.h4 Ne4+ 34.Kh3 Rg6 35.Rf1
Nd6 36.h5 Rg5 37.Ne5 Rxg2 38.Kxg2 Re7 39.Rf2 g6 40.hxg6 hxg6 41.Nxg6 Re4 42.
Rf4 Re2+ 43.Rf2 Re4 44.Rf4 Re2+ 1/2-1/2

[Event "Cto de Aragon  Equipos Cat Preferente"]
[Site "Aragon"]
[Date "2010.03.20"]
[Round "9.27"]
[White "Jimenez Fernandez Alejandro"]
[Black "Martin Catalan Juan Vicente"]
[Result "0-1"]
[WhiteElo "2003"]
[BlackElo "2107"]

1.d4 Nf6 2.c4 c5 3.d5 b5 4.cxb5 a6 5.bxa6 g6 6.Nc3 Bxa6 7.g3 d6 8.Bg2 Bg7 9.
Nf3 Nbd7 10.Rb1 Nb6 11.b3 Ra7 12.O-O O-O 13.Bb2 Qa8 14.Nh4 Rc8 15.Qd2 c4 16.b4
Bb7 17.e4 Na4 18.Nxa4 Rxa4 19.Bc3 Rxa2 20.Rb2 Ra3 21.Rc2 Qa4 22.Rfc1 Ba6 23.f3
Bb5 24.Bf1 Qa6 25.Ng2 h5 26.Nf4 Kh7 27.Bg2 Qa7+ 28.Kh1 Qa4 29.Ne2 Qa7 30.Nd4
Qb6 31.f4 Ng4 32.Nxb5 Qxb5 33.Bxg7 Rd3 34.Qe1 Kxg7 35.h3 Ne3 36.Rc3 Nxg2 37.
Kxg2 Qxb4 38.Rxd3 Qxe1 39.Rxe1 cxd3 40.Kf3 d2 41.Rd1 Rc3+ 42.Kf2 Rd3 43.Kg2 f5
44.e5 Rxd5 45.exd6 Rxd6 46.g4 hxg4 47.hxg4 fxg4 48.Kg3 Rd4 49.Kxg4 e5 0-1

[Event "Cto de Aragon  Equipos Cat Preferente"]
[Site "Aragon"]
[Date "2010.03.20"]
[Round "9.28"]
[White "Barcena Laguia Francisco"]
[Black "Castillo Sanjuan Alejandro"]
[Result "0-1"]
[WhiteElo "1966"]
[BlackElo "1967"]

1.d4 Nf6 2.f3 d5 3.e4 dxe4 4.Nc3 exf3 5.Nxf3 Bg4 6.h3 Bh5 7.g4 Bg6 8.Ne5 Nbd7
9.Qf3 c6 10.g5 Nxe5 11.dxe5 Nd5 12.Bc4 e6 13.Rf1 Qc7 14.Qe2 Bb4 15.Bd2 Qa5 16.
Bxd5 exd5 17.O-O-O d4 18.Nb1 O-O-O 19.Bf4 Qxa2 20.Qg4+ Qe6 21.Qf3 Rd5 22.Nd2
Ra5 23.Nb1 Ra1 24.Rxd4 Qa2 25.Rxb4 Qxb1+ 26.Kd2 Qxc2+ 0-1

[Event "Cto de Aragon  Equipos Cat Preferente"]
[Site "Aragon"]
[Date "2010.03.20"]
[Round "9.29"]
[White "Veras Sanz Martin Marino"]
[Black "Hinojar Basa Alfonso"]
[Result "0-1"]
[WhiteElo "2080"]
[BlackElo "2223"]

1.Nf3 Nf6 2.g3 e6 3.Bg2 d5 4.d4 Be7 5.O-O O-O 6.c4 dxc4 7.Qc2 a6 8.a4 Bd7 9.
Ne5 Nc6 10.Nxc6 Bxc6 11.Bxc6 bxc6 12.Qxc4 Qd5 13.Qxd5 cxd5 14.Bg5 Rfb8 15.Rc1
Rxb2 16.Rxc7 Bd8 17.Rc6 Rxe2 18.Nc3 Rc2 19.Rb1 Ne4 20.Bxd8 Rxc3 21.Rxc3 Nxc3
22.Rb4 Rxd8 0-1

[Event "Cto de Aragon  Equipos Cat Preferente"]
[Site "Aragon"]
[Date "2010.03.20"]
[Round "9.30"]
[White "Portero Garnica Miguel Angel"]
[Black "Bailo Remacha Santiago"]
[Result "1-0"]
[WhiteElo "2169"]
[BlackElo "1991"]

1.e4 c5 2.Nf3 d6 3.d4 cxd4 4.Nxd4 Nf6 5.Nc3 a6 6.Be2 e6 7.O-O Be7 8.Be3 O-O 9.
a4 b6 10.f4 Bb7 11.Bf3 Nbd7 12.Qe2 Qc7 13.f5 e5 14.Nb3 Nc5 15.Nxc5 dxc5 16.Bg5
Rad8 17.Bxf6 Bxf6 18.Nd5 Bxd5 19.exd5 e4 20.Bxe4 Bxb2 21.Rab1 Bd4+ 22.Kh1 Rfe8
23.Qg4 Rd6 24.Rbe1 Rh6 25.h3 Qd8 26.Bd3 a5 27.Bb5 Re5 28.Qg3 f6 29.c3 Rxe1 30.
Rxe1 Be5 31.Qd3 Qd6 32.Re4 g5 33.Bc6 Kf7 34.Qa6 Qc7 35.Qa8 Qb8 36.Qxb8 Bxb8
37.Re6 g4 38.d6 gxh3 39.Re7+ 1-0

[Event "Cto de Aragon  Equipos Cat Preferente"]
[Site "Aragon"]
[Date "2010.03.20"]
[Round "9.31"]
[White "Galve Guinea Alejandro"]
[Black "Sancho Cortes Miguel Angel"]
[Result "1-0"]
[WhiteElo "1977"]
[BlackElo "2082"]

1.d4 Nf6 2.c4 e5 3.dxe5 Ng4 4.e4 Nxe5 5.f4 Nec6 6.Nf3 Bc5 7.Nc3 d6 8.Bd3 O-O
9.a3 Re8 10.Bd2 Bg4 11.h3 Bxf3 12.Qxf3 Nd4 13.Qg3 Nf5 14.Qg4 Ne3 15.Qf3 Nf5
16.Qg4 Nd4 17.O-O-O Nb3+ 18.Kb1 Nxd2+ 19.Rxd2 Nd7 20.Rhd1 Bd4 21.Nb5 Be3 22.
Re2 Bc5 23.Bc2 a6 24.Nd4 Bxd4 25.Rxd4 g6 26.Red2 Nf6 27.Qf3 Qe7 28.g4 Rad8 29.
g5 Nd7 30.h4 Nc5 31.Rh2 f6 32.h5 fxg5 33.hxg6 hxg6 34.Qh3 Qg7 35.Rd5 Ne6 36.
Qg4 gxf4 37.Rd1 Kf7 38.e5 dxe5 39.Rg1 Rh8 40.Bxg6+ Ke7 41.Rhg2 Qf6 42.Qf3 c6
43.Qb3 Rd7 44.Be4 Rh6 45.c5 Qh4 46.Bf5 Qf6 47.Be4 Qf7 48.Qc3 Rd4 49.Bc2 f3 50.
Rf2 Rf6 51.Bb3 Qh7+ 52.Bc2 Qh5 53.Ka2 Rg4 54.Rgf1 Nd4 55.Qb4 Nxc2 56.Qxb7+ Kf8
57.Qc8+ Kg7 58.Rxf3 Rgf4 59.Rg1+ Rg6 60.Qd7+ Kh6 61.Rxg6+ Kxg6 62.Qe8+ Kg5 63.
Qxe5+ Kg6 64.Qxf4 Qd5+ 65.b3 Nd4 66.Rg3+ Kh5 67.Qg4+ 1-0

[Event "Cto de Aragon  Equipos Cat Preferente"]
[Site "Aragon"]
[Date "2010.03.20"]
[Round "9.32"]
[White "Ruiperez Gumiel Ramon"]
[Black "Requena Munguira Jorge"]
[Result "0-1"]
[WhiteElo "1878"]
[BlackElo "1900"]

1.e4 c6 2.d4 d5 3.e5 Bf5 4.Nc3 e6 5.g4 Bg6 6.Nge2 Nd7 7.h4 h5 8.Nf4 Nh6 9.Nxg6
fxg6 10.gxh5 Nf5 11.Qg4 Qe7 12.Qxg6+ Qf7 13.Qxf7+ Kxf7 14.Bd3 Rxh5 15.Bxf5
Rxf5 16.Bd2 Be7 17.h5 Rh8 18.Ne2 Rfxh5 19.Rxh5 Rxh5 20.O-O-O Rh2 21.Be3 Bh4
22.Ng1 Rg2 23.Rf1 c5 24.c3 cxd4 25.Bxd4 b6 26.Nf3 Be7 27.Rg1 Rxg1+ 28.Nxg1
Bg5+ 29.Kd1 Bf4 30.Nf3 g5 31.Be3 Bxe3 32.fxe3 g4 33.Ng5+ Ke7 34.e4 Nxe5 35.
exd5 exd5 36.Ke2 Kf6 37.Nh7+ Kg6 38.Nf8+ Kf7 39.Nh7 Nd7 40.Ng5+ Kf6 0-1

[Event "Cto de Aragon  Equipos Cat Preferente"]
[Site "Aragon"]
[Date "2010.03.20"]
[Round "9.33"]
[White "Cebrian Valverde Jose Antonio"]
[Black "Gil Capape MA"]
[Result "0-1"]
[WhiteElo "2189"]
[BlackElo "2155"]

1.d4 {0} 1...g6 2.c4 Bg7 3.Nc3 c5 4.e3 f5 5.h4 Nc6 6.d5 Bxc3+ 7.bxc3 Ne5 8.h5
Qa5 9.hxg6 Nxg6 10.Bd2 Nf6 11.Bd3 d6 12.Qc2 Bd7 13.Bxf5 O-O-O 14.Nf3 Kb8 15.
Bxd7 Rxd7 16.Rb1 Qa6 17.Rb5 Nxd5 18.Qf5 Nf6 19.Ng5 Ne5 20.Ne4 Nxe4 21.Qxe4
Qxa2 22.Rh4 Rg8 23.Qxh7 Rxg2 24.Qh8+ Kc7 25.Qa8 Nd3+ 26.Ke2 Rxf2+ 27.Kxd3
Qxd2+ 28.Ke4 Qc2+ 0-1

[Event "Cto de Aragon  Equipos Cat Preferente"]
[Site "Aragon"]
[Date "2010.03.20"]
[Round "9.34"]
[White "Vera Aranjuelo Jesus Maria"]
[Black "Gimeno Oteo Marco Antonio"]
[Result "1/2-1/2"]
[WhiteElo "2111"]
[BlackElo "2142"]

1.d4 Nf6 2.Nf3 g6 3.Bf4 Bg7 4.e3 O-O 5.Be2 d6 6.h3 Nbd7 7.O-O c5 8.c3 b6 9.
Nbd2 Bb7 10.a4 a6 11.Bh2 Ne8 12.b4 Nef6 13.Qb3 e5 14.bxc5 e4 15.Ne1 dxc5 16.
Nc4 Bd5 17.Qb2 cxd4 18.cxd4 Ne8 19.Rb1 Bxc4 20.Bxc4 Qf6 21.Bd5 Ra7 22.Bxe4 Nd6
23.Bd3 Rc8 24.Nf3 Qe6 25.Qe2 a5 26.Rfc1 Rac7 27.Qd1 Bf8 28.Ne5 Rxc1 29.Rxc1
Nf6 30.Rb1 Nde4 31.Bxe4 Nxe4 32.Qd3 Nc3 33.Ra1 Qb3 1/2-1/2

[Event "Cto de Aragon  Equipos Cat Preferente"]
[Site "Aragon"]
[Date "2010.03.20"]
[Round "9.35"]
[White "Gutierrez Minguenza Ruben"]
[Black "Alonso Fernandez Revuelta Rodri"]
[Result "1/2-1/2"]
[WhiteElo "2063"]
[BlackElo "2088"]

1.d4 {0} 1...d5 2.c4 c6 3.g3 Nf6 4.Bg2 e6 5.Nf3 Nbd7 6.b3 Bb4+ 7.Nfd2 O-O 8.
O-O Re8 9.Bb2 a5 10.Nc3 Bxc3 11.Bxc3 e5 12.cxd5 Nxd5 13.Bb2 exd4 14.Ne4 Nc3
15.Nxc3 dxc3 16.Bxc3 Nb6 17.Qxd8 Rxd8 18.Rfd1 Re8 19.e4 a4 20.Bd4 Nd7 21.b4
Nf8 22.f4 Be6 23.f5 Bc4 24.Bc5 (24.Bb6) 24...Rad8 25.Bd6 f6 26.a3 Rd7 27.Bxf8
Rxd1+ 28.Rxd1 Kxf8 29.Rd4 Bb5 30.Rd7 Re7 31.Rd8+ Re8 1/2-1/2

[Event "Cto de Aragon  Equipos Cat Preferente"]
[Site "Aragon"]
[Date "2010.03.20"]
[Round "9.36"]
[White "Carraminana Lopez Luis Antonio"]
[Black "Palomar Ramon Santiago"]
[Result "1-0"]
[WhiteElo "1986"]
[BlackElo "2042"]

1.e4 c5 2.Nf3 d6 3.Bb5+ Bd7 4.Bxd7+ Qxd7 5.O-O Nc6 6.c3 Nf6 7.d4 Nxe4 8.d5 Ne5
9.Re1 Nxf3+ 10.Qxf3 Nf6 11.c4 O-O-O 12.b4 g6 13.Bb2 Bg7 14.bxc5 dxc5 15.Nc3
Rhe8 (15...Qg4) 16.Nb5 a6 17.Be5 Qf5 18.Qa3 Ne4 19.Na7+ Kd7 20.Qa4+ b5 21.Qxa6
Rc8 22.Qxb5+ Kd8 23.Bxg7 f6 24.Nxc8 Qxf2+ 25.Kh1 Qd4 26.Qb6+ Kxc8 27.Qe6+ 1-0

[Event "Cto de Aragon  Equipos Cat Preferente"]
[Site "Aragon"]
[Date "2010.03.20"]
[Round "9.37"]
[White "Malo Guillen Jose Luis"]
[Black "Sierra Aguerri Joaquin"]
[Result "1/2-1/2"]
[WhiteElo "2162"]
[BlackElo "2014"]

1.Nf3 e6 2.g3 b6 3.Bg2 Bb7 4.O-O f5 5.d3 Nf6 6.e4 fxe4 7.Ng5 Be7 8.dxe4 O-O 9.
e5 Bxg2 10.Kxg2 Nd5 11.Qh5 Bxg5 12.Bxg5 Rf5 1/2-1/2

[Event "Cto de Aragon  Equipos Cat Preferente"]
[Site "Aragon"]
[Date "2010.03.20"]
[Round "9.38"]
[White "Vera Jimenez Andres"]
[Black "Alonso Blasco Jose Miguel"]
[Result "0-1"]
[WhiteElo "2005"]
[BlackElo "2114"]

1.d4 Nf6 2.Nf3 e6 3.Bg5 c5 4.c3 Qb6 5.Qb3 Qxb3 6.axb3 Ne4 7.Be3 Nc6 8.Nbd2
Nxd2 9.Kxd2 b6 10.Kc2 Bb7 11.dxc5 bxc5 12.Bf4 d5 13.e3 a6 14.Ne5 Nxe5 15.Bxe5
f6 16.Bg3 e5 17.f3 Bd6 18.Be2 Bc7 19.h4 a5 20.h5 Kf7 21.Rhe1 Rhb8 22.e4 d4 23.
Bc4+ Kf8 24.Bd5 Bxd5 25.exd5 Ra7 26.c4 Rab7 27.Ra3 a4 28.Rea1 axb3+ 29.Kd3 Ke7
30.Ra6 e4+ 31.Kxe4 Bxg3 32.f4 Bf2 33.Re6+ Kf7 34.Raa6 h6 35.d6 Kxe6 0-1

[Event "Cto de Aragon  Equipos Cat Preferente"]
[Site "Aragon"]
[Date "2010.03.20"]
[Round "9.39"]
[White "Javierre Conesa Alfonso"]
[Black "Fernandez Rubio Rafael"]
[Result "0-1"]
[WhiteElo "1970"]
[BlackElo "1958"]

1.d4 Nf6 2.Nf3 g6 3.c4 Bg7 4.Nc3 O-O 5.g3 d6 6.Bg2 Nbd7 7.O-O c6 8.e4 e5 9.h3
Re8 10.Re1 exd4 11.Nxd4 Ne5 12.b3 a5 13.Be3 Qc7 14.Qd2 Ned7 15.Bh6 Nc5 16.Bxg7
Kxg7 17.Rad1 Bd7 18.Qc2 Rad8 19.Kh2 h5 20.a3 h4 21.b4 axb4 22.axb4 Na6 23.Qb2
hxg3+ 24.fxg3 Rh8 25.Nce2 Ng4+ 26.Kg1 Ne5 27.Kh2 Rh7 28.Nf3 Rdh8 29.Nxe5 dxe5
30.Ng1 Be6 31.b5 Nc5 32.bxc6 bxc6 33.Qb4 Nb7 34.c5 Qc8 35.Rb1 Bxh3 36.Nxh3
Rxh3+ 37.Kg1 Rxg3 38.Qxb7 Qh3 39.Kf1 0-1

[Event "Cto de Aragon  Equipos Cat Preferente"]
[Site "Aragon"]
[Date "2010.03.20"]
[Round "9.40"]
[White "Sancho Casale Jesus"]
[Black "Artal Alegria Francisco Javier"]
[Result "1-0"]
[WhiteElo "1950"]
[BlackElo "1954"]

1.d4 Nf6 2.Nf3 g6 3.c4 c5 4.d5 b5 5.cxb5 a6 6.b6 Bg7 7.Nc3 d6 8.Nd2 Nbd7 9.a4
Nxb6 10.e4 a5 11.Be2 O-O 12.O-O Ba6 13.Ra3 Bxe2 14.Qxe2 Qd7 15.f4 Rfb8 16.Kh1
Ne8 17.e5 dxe5 18.fxe5 Nxd5 19.Nxd5 Qxd5 20.Rd3 Qe6 21.Nf3 h6 22.h4 Qg4 23.Qf2
Nc7 24.Ng5 hxg5 25.Qxf7+ Kh7 26.Qxe7 Qe2 27.Rf7 Ne6 28.Rd7 Qe1+ 29.Kh2 Qxh4+
30.Kg1 Qe1+ 31.Rf1 Qxe5 32.Rf3 g4 33.Re3 Qf5 34.Rxe6 Rg8 35.Re5 Qxe5 36.Qxe5
Rae8 37.Qh2# 1-0

[Event "Cto de Aragon  Equipos Cat Preferente"]
[Site "Aragon"]
[Date "2010.03.20"]
[Round "9.41"]
[White "Donoso Sanchez Alejandro"]
[Black "Hernandez Delgado Gabriel"]
[Result "1-0"]
[WhiteElo "2111"]
[BlackElo "2004"]

1.e4 d5 2.exd5 Qxd5 3.Nc3 Qd6 4.d4 Nf6 5.Nf3 a6 6.g3 Bg4 7.Bg2 Nc6 8.O-O O-O-O
9.h3 Bh5 10.Bf4 Qb4 11.g4 Bg6 12.a3 Qxb2 13.Qe1 Bxc2 14.Qe3 Nd5 15.Nxd5 Rxd5
16.Ne5 Rxd4 17.Nxc6 bxc6 18.Qe5 Qb6 19.Rfc1 Rc4 20.Rxc2 Rxc2 21.Qf5+ e6 22.
Qxc2 Qd4 23.Qc1 c5 24.Ra2 Bd6 25.Be3 Qe5 26.Rc2 Qh2+ 27.Kf1 f5 28.Bxc5 fxg4
29.Qe3 Re8 30.Qe4 Kd8 31.hxg4 Bxc5 32.Rxc5 Qd6 33.Qc2 a5 34.Rxa5 Ke7 35.Qc5
Rb8 36.Qxd6+ cxd6 37.Ra7+ Kf6 38.Rb7 Rc8 39.a4 d5 40.Rb1 Ra8 41.Ra1 Ra5 42.Ke2
Ke5 43.Ke3 g5 44.Bf1 Kd6 45.Bb5 e5 46.Rc1 Ra7 47.Rc6+ Ke7 48.Rh6 Kf8 49.Rd6
d4+ 50.Ke4 Rf7 51.Rd8+ Kg7 52.Rd7 1-0

[Event "Cto de Aragon  Equipos Cat Preferente"]
[Site "Aragon"]
[Date "2010.03.20"]
[Round "9.42"]
[White "Correas Marcen Jose Maria"]
[Black "Sanmiguel Mateo Luis"]
[Result "0-1"]
[WhiteElo "1989"]
[BlackElo "1968"]

1.Nf3 Nf6 2.g3 d5 3.Bg2 c5 4.O-O Nc6 5.d3 e6 6.Nbd2 Be7 7.e4 dxe4 8.dxe4 e5 9.
h3 Be6 10.c3 Qd7 11.Ng5 Rd8 12.Qe2 h6 13.Nxe6 Qxe6 14.Nb3 O-O 15.Be3 b6 16.
Rad1 c4 17.Nd2 Na5 18.Rfe1 Rd7 19.Bf1 Rc8 20.f3 Nh5 21.Bf2 Qg6 22.Kh2 Bc5 23.
Bg2 Bxf2 24.Qxf2 Rcd8 25.g4 Nf4 26.Qf1 Rxd2 0-1